[Event "Mallorca-chC"]
[Site "Palma de Mallorca"]
[Date "2011.12.17"]
[Round "8"]
[White "Serra Canaves, Antonio"]
[Black "Diez Cabeza, Vicente"]
[Result "1/2-1/2"]
[WhiteElo "1840"]
[BlackElo "1624"]
[PlyCount "20"]
[EventDate "2011.10.29"]
[EventType "swiss"]
[EventRounds "8"]
[EventCountry "ESP"]
[SourceTitle "EXT 2017"]
[Source "ChessBase"]
[SourceDate "2016.10.25"]
[SourceVersion "1"]
[SourceVersionDate "2016.10.25"]
[SourceQuality "1"]

1. e4 e5 2. Nf3 d6 3. Nc3 Nf6 4. d4 exd4 5. Nxd4 Be7 6. Be2 0-0 7. 0-0 c6 8. a4 Re8 9. Qd3 Bf8 10. Bf4 Nbd7 1/2-1/2